000
00312nam a2200121 a 4500
005
20140414131911.0
008
101012s19uu xx 00 eng d
050
_a
ER
_b
M27 2007
100
_a
Arraras, Maria Celeste
245
_a
The magic cane.
260
_a
New York :
_b
Orchard Books,
_c
2007.
999
_c
111225
_d
111225